The early universe / (Record no. 2700)

MARC details
000 -LEADER
fixed length control field 01079nac a22002891i 4500
003 - CONTROL NUMBER IDENTIFIER
control field EG-ScBUE
005 - DATE AND TIME OF LATEST TRANSACTION
control field 20250113105455.0
008 - FIXED-LENGTH DATA ELEMENTS--GENERAL INFORMATION
fixed length control field 110530s1990 maua f b 001 0 eng d
020 ## - INTERNATIONAL STANDARD BOOK NUMBER
International Standard Book Number 0201626748
020 ## - INTERNATIONAL STANDARD BOOK NUMBER
International Standard Book Number 9780201626742
040 ## - CATALOGING SOURCE
Original cataloging agency EG-ScBUE
Language of cataloging eng
Description conventions rda
Transcribing agency EG-ScBUE
Modifying agency EG-ScBUE
082 04 - DEWEY DECIMAL CLASSIFICATION NUMBER
Classification number 523.1
Item number KOL
Edition number 22
100 1# - MAIN ENTRY--PERSONAL NAME
Personal name Kolb, Edward W.,
Relator term author.
9 (RLIN) 24433
245 14 - TITLE STATEMENT
Title The early universe /
Statement of responsibility, etc Edward W. Kolb, Fermi National Accelerator Laboratory and The University of Chicago, Michael Turner, Fermi National Accelerator Laboratory and The University of Chicago.
264 #1 - PUBLICATION, DISTRIBUTION, ETC. (IMPRINT)
Place of publication, distribution, etc Reading, Mass. :
Name of publisher, distributor, etc Addison-Wesley,
Date of publication, distribution, etc 1990.
300 ## - PHYSICAL DESCRIPTION
Extent xxii, 547 pages :
Other physical details illustrations ;
Dimensions 25 cm.
336 ## - CONTENT TYPE
Source rdacontent
Content type term text
Content type code txt
337 ## - MEDIA TYPE
Media type term unmediated
Source rdamedia
Media type code n
338 ## - CARRIER TYPE
Carrier type term volume
Carrier type code nc
Source rdacarrier
490 0# - SERIES STATEMENT
Series statement Frontiers in physics
504 ## - BIBLIOGRAPHY, ETC. NOTE
Bibliography, etc Includes bibliographical references and index.
650 #7 - SUBJECT ADDED ENTRY--TOPICAL TERM
Topical term or geographic name as entry element Cosmology.
Source of heading or term BUEsh
9 (RLIN) 24435
653 ## - INDEX TERM--UNCONTROLLED
Arrived date list May2011
655 ## - INDEX TERM--GENRE/FORM
Form subdivision Reading book
700 1# - ADDED ENTRY--PERSONAL NAME
Personal name Turner, Michael Stanley,
Relator term author.
9 (RLIN) 24436
942 ## - ADDED ENTRY ELEMENTS (KOHA)
Koha item type Book - Borrowing
Source of classification or shelving scheme Dewey Decimal Classification
Holdings
Withdrawn status Lost status Source of classification or shelving scheme Damaged status Not for loan Collection code Home library Current library Shelving location Date acquired Source of acquisition Cost, normal purchase price Total Checkouts Full call number Barcode Date last seen Cost, replacement price Koha item type Serial Enumeration / chronology
    Dewey Decimal Classification     Baccah Central Library Central Library First floor 01/03/2007 Purchase 495.00   523.1 KOL 000001819 15/07/2025 618.75 Book - Borrowing  
    Dewey Decimal Classification     Baccah Central Library Central Library First floor 30/05/2011 Purchase 456.00   523.1 KOL 000023796 15/07/2025 618.75 Book - Borrowing 12334